000 00509nam a2200181Ia 4500
008 240925s9999 xx 000 0 und d
020 _a71009345
082 _a005.74 STA
100 _aStamper, David
245 0 _aDatabase Design & Management An Applied Approach
250 _aNA
260 _aToronto:
_bMc Graw-Hill
_c,1990.
300 _axx,466p.
_bNA
_fPirated
500 _aIncludes Index
600 _aEngineering Technology
650 _aComputer science, information & general works
942 _cBK
999 _c7283
_d7283